书目信息 |
| 题名: |
建设工程造价案例分析
|
|
| 作者: | 左红军 主编 | |
| 分册: | ||
| 出版信息: | 北京 机械工业出版社 2020.1 |
|
| 页数: | 228页 | |
| 开本: | 26cm | |
| 丛书名: | ||
| 单 册: | ||
| 中图分类: | TU723.31 | |
| 科图分类: | ||
| 主题词: | 建筑造价管理--案例--资格考试--问题解答 | |
| 电子资源: | ||
| ISBN: | 978-7-111-64593-1 | |
| 000 | 01189nam0 2200265 45 | |
| 001 | 012001001877 | |
| 005 | 20140912153117.0 | |
| 010 | @a978-7-111-64593-1@dCNY59.00 | |
| 100 | @a20200410d2020 em y0chiy50 ea | |
| 101 | 0 | @achi |
| 102 | @aCN@b110000 | |
| 105 | @aak zq 000yy | |
| 106 | @ar | |
| 200 | 1 | @a建设工程造价案例分析@Ajian she gong cheng zao jia an li fen xi@b专著@e经典真题解析及2020预测@f左红军主编 |
| 210 | @a北京@c机械工业出版社@d2020.1 | |
| 215 | @a228页@c图@d26cm | |
| 300 | @a全国一级造价工程师职业资格考试红宝书 适用于土木建筑工程和安装工程 | |
| 300 | @a其他题名:经典真题解析及2020预测 | |
| 330 | @a本书介绍财务分析:投资估算是前提,财务评价是核心;方案优选与招标投标:资金时间价值是基础,价值工程和寿命成本是基本方法,招标投标的重点在程序;合同管理:实操的难点在法条,文本的重点在条款,考试的焦点在网络索赔;工程量清单计价规范和计量规范:五类清单是造价纲领,四类表格是造价程序,识图算量是造价基础。 | |
| 517 | 1 | @a经典真题解析及2020预测@Ajing dian zhen ti jie xi ji 2020 yu ce |
| 606 | 0 | @a建筑造价管理@x案例@x资格考试@j问题解答 |
| 690 | @aTU723.31@v5 | |
| 701 | 0 | @a左红军@Azuo hong jun@4主编 |
| 801 | 0 | @aCN@bBJSDL@c20211011 |
| 905 | @b1337565-8@dTU723.31@e1986@f4 | |
| 建设工程造价案例分析:经典真题解析及2020预测/左红军主编.-北京:机械工业出版社,2020.1 |
| 228页:图;26cm |
| 全国一级造价工程师职业资格考试红宝书 适用于土木建筑工程和安装工程.-其他题名:经典真题解析及2020预测 |
| ISBN 978-7-111-64593-1:CNY59.00 |
| 本书介绍财务分析:投资估算是前提,财务评价是核心;方案优选与招标投标:资金时间价值是基础,价值工程和寿命成本是基本方法,招标投标的重点在程序;合同管理:实操的难点在法条,文本的重点在条款,考试的焦点在网络索赔;工程量清单计价规范和计量规范:五类清单是造价纲领,四类表格是造价程序,识图算量是造价基础。 |
| ● |
| 相关链接 |
|
|
|
|
正题名:建设工程造价案例分析
索取号:TU723.31/1986
 
预约/预借
| 序号 | 登录号 | 条形码 | 馆藏地/架位号 | 状态 | 备注 |
| 1 | 1337565 | 213375658 | 第二样本阅览室/ [索取号:TU723.31/1986] | 在馆 | |
| 2 | 1337566 | 213375667 | 第三借阅区/ [索取号:TU723.31/1986] | 在馆 | |
| 3 | 1337567 | 213375676 | 第三借阅区/ [索取号:TU723.31/1986] | 在馆 | |
| 4 | 1337568 | 213375685 | 第三借阅区/ [索取号:TU723.31/1986] | 在馆 |